Statystyki dla Nazwij pasujące europejskie państwo #1

Kliknij tutaj aby rozwiązać quiz!

Ogólne statystyki

  • Ten quiz został rozwiązany 269 razy
  • Średni wynik to 13 z 14

Statystyki odpowiedzi

Nazwij europejskie
państwo...
Państwo% Poprawnych
które nie posiada dostępu
do morza / oceanu
Andora | Austria | Białoruś | Czechy | Liechtenstein | Luksemburg | Macedonia Północna | Mołdawia | San Marino | Serbia | Szwajcaria | Watykan | Węgry
100%
które używa języka
niemieckiego jako urzędowego (nie wliczając Niemiec)
Austria | Belgia | Liechtenstein | Luksemburg | Szwajcaria
99%
które znajduje się w
Unii Europejskiej
Austria | Belgia | Bułgaria | Chorwacja | Czechy | Dania | Estonia | Finlandia | Francja | Grecja | Hiszpania | Irlandia | Litwa | Luksemburg | Łotwa | Malta | Holandia | Niemcy | Polska | Portugalia | Rumunia | Słowacja | Słowenia | Szwecja | Węgry | Włochy
98%
które znajduje się
na Bałkanach
Albania | Bośnia i Hercegowina | Bułgaria | Chorwacja | Czarnogóra | Grecja | Macedonia Północna | Serbia | Słowenia
97%
które graniczy z SerbiąAlbania | Bośnia i Hercegowina | Bułgaria | Chorwacja | Czarnogóra | Macedonia | Rumunia | Węgry
97%
które znajduje się na półwyspie IberyjskimAndora | Hiszpania | Portugalia
97%
które ma stolicę zaczynającą się
na literę B
Belgia | Niemcy | Rumunia | Serbia | Słowacja | Węgry
97%
w którym żyje mniej niż
1 milion osób
Andora | Czarnogóra | Islandia | Liechtenstein | Luksemburg | Malta | Monako | San Marino | Watykan
96%
którego stolica leży na wyspieDania | Irlandia | Islandia | Malta | Wielka Brytania
96%
którego nazwa ma w sobie literę KLuksemburg | Monako | Polska | Ukraina | Watykan | Wielka Brytania
95%
które jest państwem BałtyckimEstonia | Litwa | Łotwa
93%
które leży nad morzem CzarnymBułgaria | Rosja | Rumunia | Ukraina
92%
którego ponad 50% porastają lasyBiałoruś | Finlandia | Łotwa | Rosja | Słowenia | Szwecja
89%
w którym pogłowie zwierząt hodowlanych wynosi ponad 30 milionów w skali roku w Unii EuropejskiejFrancja | Hiszpania | Niemcy
88%

Rozkład punktacji

Percentyl według liczby udzielonych odpowiedzi

Procent ludzi z każdym wynikiem

Twoja historia wyników

Nie rozwiązałeś tego quizu